| 000 | 00441nam a2200181Ia 4500 | ||
|---|---|---|---|
| 005 | 20230812100148.0 | ||
| 008 | 131103s9999 xx 000 0 und d | ||
| 040 | _aLoreto College | ||
| 041 | _aEnglish | ||
| 082 |
_aF _bGOR |
||
| 100 | _aGordon,Ernest | ||
| 245 |
_aMiracle on the river Kwai _cErnest Gordon |
||
| 260 |
_aLondon _bCollins _c1963 |
||
| 300 | _a189 p. | ||
| 650 | _aFiction in English | ||
| 850 | _aLCLIB | ||
| 942 | _cBK | ||
| 999 |
_c14123 _d64602 |
||